000 00866nam a22002417a 4500
005 2011110801211.0
008 111108t xxu||||| |||| 00| 0 eng d
010 _aENG-104059
020 _a9789381385074
_c675.00
035 _aEN-87592
037 _bDBAD/PUB
040 _aDPL
_bEng
082 _a364.153
100 _935745
245 _aSex abuse of children /
_cedited by Nishant Singh
260 _aDelhi
_bAncient Publishing House
_c2011
270 _aV-75, Street No. 15-A, Vijay Park, Near C-11, Shiv Sadhana Mandir, Yamuna Vihar
_bDelhi
_e110053
300 _avi,288p.
_c22cm (Hb)
500 _aIncludes index
700 _935744
_aNishant Singh
942 _2ddc
_cEN
_h364.153
_mSEX
999 _c58204
_d58204